Statistics for Most Populated Cities Starting With Same Letter as Country

Click here to take the quiz!

General Stats

  • This quiz has been taken 38 times
  • The average score is 6 of 12

Answer Stats

PopAnswer% Correct
8,919,000Mexico City
92%
2,978,000Brasilia
92%
10,290,000Seoul
69%
3,336,000Algiers
64%
10,152,000Chengdu
58%
5,607,000Singapore
53%
2,705,000Taipei
53%
2,502,000Belo Horizonte
47%
4,597,000Changsha
19%
3,815,000Changchun
17%
3,290,000Changzhou
11%
8,165,000Chongquin
6%

Score Distribution

Percentile by Number Answered

Percent of People with Each Score

Your Score History

You have not taken this quiz